| 000 | 00375nam a22001577a 4500 | ||
|---|---|---|---|
| 003 | macl | ||
| 005 | 20161220153647.0 | ||
| 008 | 161220b xxu||||| |||| 00| 0 eng d | ||
| 040 | _cmacl | ||
| 082 | _a824 | ||
| 100 |
_aButalia Urvashi _91143 |
||
| 245 | _aPartition The Long Shadow | ||
| 260 |
_aNew Delhi _bPenguin _c2015 |
||
| 650 |
_aEssays _966353 |
||
| 942 |
_2ddc _cBK _k824 |
||
| 999 |
_c55657 _d55657 |
||